Journal of engineering research (JER) (Record no. 38394)

MARC details
000 -LEADER
fixed length control field 00503nam a2200169Ia 4500
022 ## - INTERNATIONAL STANDARD SERIAL NUMBER
ISSN 07952333
050 ## - CALL MARK
Classification number TA 119.N54 .J69/
245 #0 - TITLE STATEMENT
Title Journal of engineering research (JER)
260 ## - PUBLICATION, DISTRIBUTION, ETC. (IMPRINT)
Place of publication Lagos
260 ## - PUBLICATION, DISTRIBUTION, ETC. (IMPRINT)
Name of publisher Faculty of Engineering, University of Lagos
260 ## - PUBLICATION, DISTRIBUTION, ETC. (IMPRINT)
Year of publication 2010
300 ## - PHYSICAL DESCRIPTION
Number of Pages v. : ill. ; 30 cm.
650 ## - SUBJECT ADDED ENTRY--TOPICAL TERM
Topical Term Engineering--Nigeria--Periodicals. Engineering--Research--Nigeria--Periodicals.
942 ## - ADDED ENTRY ELEMENTS (KOHA)
Koha item type Serials

No items available.